General knowlage 3 - Statistics

General Stats
  • This quiz has been taken 93 times
  • The average score is 7 of 15
Answer Stats
Hint Answer % Correct
Tallest animal Giraffe
92%
What is the French capital Paris
89%
The fastest man alive Usain Bolt
88%
Espresso is from where Italy
76%
23 + 4 x 0 = 23
65%
Kim Kardashian and _________ Kanye West
61%
Jay-Z and _______________ Beyonce
58%
Panama handmade canal Panama Canal
36%
Donald Trump wife (present) Melania Trump
29%
Shakira husband Gerald Piqué
27%
What is the Canadian flag carrier in aviation Air Canada
13%
What sport does Steven Stamkos Play Hockey
12%
What is Dinsey's zoo name Animal Kingdom
8%
Venice nickname Queen of the Adriatic
1%
Venice is the capitale of what region Veneto Region
0%
No matching quizzes found
Score Distribution
Percent of People with Each Score
Percentile by Number Answered
Your Score History
You have not taken this quiz